Statistics for Every Teams Last MLB MVP

Click here to take the quiz!

General Stats

  • This quiz has been taken 26 times
  • The average score is 21 of 27

Answer Stats

TeamYearPositionAnswer% Correct
Yankees2022RFAaron Judge
95%
Nationals2015RFBryce Harper
95%
Phillies2021RFBryce Harper
95%
Orioles1991SSCal Ripken Jr.
95%
Tigers20133BMiguel Cabrera
95%
Angels2021DH/SPShohei Ohtani
95%
Royals19803BGeorge Brett
90%
Reds20101BJoey Votto
90%
Astros20172BJose Altuve
90%
Red Sox2018OFMookie Betts
90%
Giants2012CBuster Posey
86%
Brewers2018RFChristian Yelich
86%
Twins2009CJoe Mauer
86%
Cardinals20221BPaul Goldschmidt
86%
Dodgers2019RFCody Bellinger
81%
Braves20201BFreddie Freeman
81%
Marlins2017RFGiancarlo Stanton
76%
White Sox20201BJose Abreu
76%
Cubs20163BKris Bryant
76%
Blue Jays20153BJosh Donaldson
71%
Rockies1997OFLarry Walker
71%
Mariners2001OFIchiro Suzuki
67%
Rangers2010OFJosh Hamilton
67%
Athletics2002SSMiguel Tejada
52%
Padres19963BKen Caminiti
48%
Guardians19533BAl Rosen
24%
Pirates2013OFAndrew McCuthcen
5%

Score Distribution

Percentile by Number Answered

Percent of People with Each Score

Your Score History

You have not taken this quiz